Crafting Cooperation : (Record no. 12901)
[ view plain ]
| 000 -LEADER | |
|---|---|
| fixed length control field | 02474cam a2200361 a 4500 |
| 001 - CONTROL NUMBER | |
| control field | 15166218 |
| 005 - DATE AND TIME OF LATEST TRANSACTION | |
| control field | 20081016111114.0 |
| 008 - FIXED-LENGTH DATA ELEMENTS--GENERAL INFORMATION | |
| fixed length control field | 080204s2007 enk b 001 0 eng d |
| 010 ## - LIBRARY OF CONGRESS CONTROL NUMBER | |
| LC control number | 2008271053 |
| 020 ## - INTERNATIONAL STANDARD BOOK NUMBER | |
| International Standard Book Number | 9780521699426 (pbk.) |
| 035 ## - SYSTEM CONTROL NUMBER | |
| System control number | (OCoLC)ocn144228600 |
| 040 ## - CATALOGING SOURCE | |
| Original cataloging agency | BTCTA |
| Transcribing agency | BTCTA |
| Modifying agency | BAKER |
| -- | YDXCP |
| -- | SUC |
| -- | IXA |
| -- | VVC |
| -- | DLC |
| 042 ## - AUTHENTICATION CODE | |
| Authentication code | lccopycat |
| 050 00 - LIBRARY OF CONGRESS CALL NUMBER | |
| Classification number | JZ4850 |
| Item number | .C73 2007 |
| 082 ## - DEWEY DECIMAL CLASSIFICATION NUMBER | |
| Edition number | 22 |
| Classification number | 327.116 |
| Item number | CRA |
| 245 00 - TITLE STATEMENT | |
| Title | Crafting Cooperation : |
| Remainder of title | Regional International Institutions in Comparative Perspective / |
| Statement of responsibility, etc | Edited by Amitav Acharya and Alastair Iain Johnston. |
| 260 ## - PUBLICATION, DISTRIBUTION, ETC. (IMPRINT) | |
| Place of publication, distribution, etc | Cambridge ; |
| -- | New York : |
| Name of publisher, distributor, etc | Cambridge University Press, |
| Date of publication, distribution, etc | 2007. |
| 300 ## - PHYSICAL DESCRIPTION | |
| Extent | xii, 318 p. ; |
| Dimensions | 24 cm. |
| 504 ## - BIBLIOGRAPHY, ETC. NOTE | |
| Bibliography, etc | Includes bibliographical references (p. 279-302) and index. |
| 505 0# - FORMATTED CONTENTS NOTE | |
| Formatted contents note | Comparing regional institutions: an introduction / Amitav Acharya and Alastair Iain Johnston -- Hanging together, institutional design and cooperation in Southeast Asia: AFTA and the ARF / Yuen Foong Khong and Helen E.S. Nesadurai -- International cooperation in Latin America: the design of regional institutions by slow accretion / Jorge I. Dominguez -- Crafting regional cooperation in Africa / Jeffrey Herbst -- Functional form, identity-driven cooperation: institutional designs and effects in post-Cold War NATO / Frank Schimmelfennig -- Designed to fail or failure of design? The origins and legacy of the Arab League / Michael Barnett and Etel Solingen -- Social mechanisms and regional cooperation: are Europe and the EU really all that different? / Jeffrey T. Checkel. |
| 650 #0 - SUBJECT ADDED ENTRY--TOPICAL TERM | |
| Topical term or geographic name as entry element | International agencies. |
| 9 (RLIN) | 9328 |
| 650 #0 - SUBJECT ADDED ENTRY--TOPICAL TERM | |
| Topical term or geographic name as entry element | Regionalism (International organization) |
| 9 (RLIN) | 9329 |
| 650 #0 - SUBJECT ADDED ENTRY--TOPICAL TERM | |
| Topical term or geographic name as entry element | Intergovernmental cooperation. |
| 9 (RLIN) | 9330 |
| 700 1# - ADDED ENTRY--PERSONAL NAME | |
| Personal name | Acharya, Amitav. |
| 9 (RLIN) | 9331 |
| 700 1# - ADDED ENTRY--PERSONAL NAME | |
| Personal name | Johnston, Alastair I. |
| 9 (RLIN) | 9332 |
| 856 41 - ELECTRONIC LOCATION AND ACCESS | |
| Materials specified | Table of contents |
| Uniform Resource Identifier | <a href="http://www.loc.gov/catdir/toc/fy0804/2008271053.html">http://www.loc.gov/catdir/toc/fy0804/2008271053.html</a> |
| 856 42 - ELECTRONIC LOCATION AND ACCESS | |
| Materials specified | Contributor biographical information |
| Uniform Resource Identifier | <a href="http://www.loc.gov/catdir/enhancements/fy0810/2008271053-b.html">http://www.loc.gov/catdir/enhancements/fy0810/2008271053-b.html</a> |
| 856 42 - ELECTRONIC LOCATION AND ACCESS | |
| Materials specified | Publisher description |
| Uniform Resource Identifier | <a href="http://www.loc.gov/catdir/enhancements/fy0810/2008271053-d.html">http://www.loc.gov/catdir/enhancements/fy0810/2008271053-d.html</a> |
| 942 ## - ADDED ENTRY ELEMENTS (KOHA) | |
| Source of classification or shelving scheme | Dewey Decimal Classification |
| Item type | Book - Borrowing |
| Withdrawn status | Item status | Source of classification or shelving scheme | Damaged status | Not for loan | Vendor | Home library | Current library | Shelving location | Date acquired | Source of acquisition | Cost, normal purchase price | Total Checkouts | Total Renewals | Full call number | Barcode | Date last seen | Date last borrowed | Koha item type |
|---|---|---|---|---|---|---|---|---|---|---|---|---|---|---|---|---|---|---|
| Dewey Decimal Classification | Baccah | Central Library | Central Library | First floor | 12/11/2009 | 180.00 | 3 | 13 | 327.116 CRA | 000019007 | 15/07/2025 | 16/10/2016 | Book - Borrowing |